Platobný styk - nekonečný príbeh

Historický pohľad na vývoj platobného styku . Tri etapy. Šeky verzus karty. Elektronická peňaženka. Vstup do EÚ a s tým súvisiace zmeny. Prijatie Eura a nové úlohy.

Salvato in:
Dettagli Bibliografici
Autore principale: Holička, Peter
Natura: Capitolo di libro
Lingua:slovacco
Soggetti:
Tags: Aggiungi Tag
Nessun Tag, puoi essere il primo ad aggiungerne!!

MARC

LEADER 00000naa$a2200000$$$4500
001 0130124
005 20231116090933.2
041 0 |a slo 
044 |a SK 
245 1 0 |a Platobný styk - nekonečný príbeh  |c Peter Holička 
520 |a Historický pohľad na vývoj platobného styku . Tri etapy. Šeky verzus karty. Elektronická peňaženka. Vstup do EÚ a s tým súvisiace zmeny. Prijatie Eura a nové úlohy. 
610 2 0 |a história 
610 2 0 |a šeky 
610 2 0 |a karty platobné 
610 2 0 |a euro 
100 1 |a Holička, Peter